书目信息 |
| 题名: |
建筑工程造价与招投标 (1997定额)
|
|
| 作者: | 刘钟莹 , 倪俭 著 | |
| 分册: | ||
| 出版信息: | 南京 东南大学出版社 1998.10 |
|
| 页数: | 258页 | |
| 开本: | 16开 | |
| 丛书名: | ||
| 单 册: | ||
| 中图分类: | TU723 | |
| 科图分类: | ||
| 主题词: | 建筑工程--施工组织 , 建筑工程--施工计划 | |
| 电子资源: | ||
| ISBN: | 7-81050-385-5 | |
| 000 | 00674nam0 2200217 45 | |
| 001 | 0010071096 | |
| 005 | 20220422153524.06 | |
| 010 | @a7-81050-385-5@d22.00元 | |
| 100 | @a20001007d1998 km y0chiy0120 ea | |
| 101 | 0 | @achi |
| 105 | @a z 000yy | |
| 200 | 1 | @a建筑工程造价与招投标 (1997定额)@AJian Zhu Gong Cheng Zao Jia Yu Zhao Tou Biao(1997 Ding E)@f刘钟莹,倪俭著@FLiu Zhong Ying,Ni Jian Zhu |
| 210 | @a南京@c东南大学出版社@d1998.10 | |
| 215 | @a258页@d16开 | |
| 606 | 0 | @a建筑工程@x施工组织 |
| 606 | 0 | @a建筑工程@x施工计划 |
| 690 | @aTU723@v3 | |
| 701 | 0 | @a刘钟莹@4著 |
| 701 | 0 | @a倪俭@4著 |
| 801 | @aCN@bPftUser@c20001007 | |
| 905 | @dTU723@eL931@b175398-400@f3 | |
| 建筑工程造价与招投标 (1997定额)/刘钟莹,倪俭著.-南京:东南大学出版社,1998.10 |
| 258页;16开 |
| ISBN 7-81050-385-5:22.00元 |
| ● |
| 相关链接 |
|
|
|
正题名:建筑工程造价与招投标 (1997定额)
索取号:TU723/L931
 
预约/预借
| 序号 | 登录号 | 条形码 | 馆藏地/架位号 | 状态 | 备注 |
| 1 | 175398 | 201753986 | 土木与交通工程学院资料室/土木与交通学院资料室 1排1列1层/ [索取号:TU723/L931/1] | 在馆 | |
| 2 | 175399 | 201753995 | 土木与交通工程学院资料室/土木与交通学院资料室 1排1列1层/ [索取号:TU723/L931/1] | 在馆 | |
| 3 | 175400 | 201754002 | 建筑库201/201建筑库 30排2列3层/ [索取号:TU723/L931/1] | 在馆 |